000 00294nam a22001337a 4500
008 170922b xxu||||| |||| 00| 0 eng d
020 _a0898595398
041 _aeng
080 _a37
100 _a46
101 _aEDU
245 _aTHE TEACHING OF THINKING
_cNICKERSON, R.S
942 _2udc
_cBK
999 _c29277
_d29277